On This Day (January 20th) Multiple Choice - Statistics

General Stats
  • This quiz has been taken 20 times
    4 since last reset
  • The average score is 8 of 16
Answer Stats
Question Answer % Correct
1982 - Heavy metal musician Ozzy Osbourne does what on stage in Des Moines, Iowa ? Bites the head off a bat
100%
1953 – First live US coast-to-coast inauguration address by which President ? Dwight D. Eisenhower
100%
2022 - Michael Lee Aday, American singer and actor, dies on this day. Under what name is he better known? Meat Loaf
100%
1984 – Johnny Weissmuller, American swimmer and actor, dies on this day, he was best known for his role as which fictional character ? Tarzan
100%
1981 - The US diplomats and citizens held hostage at the US embassy in which city are released and begin their journey home after 444 days ? Tehran, Iran
100%
1841 – Which island is occupied by the British for the first time? Hong Kong Island
67%
1869 - Elizabeth Cady Stanton becomes the first woman to do what ? Testify before US Congress
67%
1921 – The British K-class submarine HMS K5 sinks in which body of water killing all 56 on board ? English Channel
33%
1887 – The United States Senate allows the Navy to lease which naval base ? Pearl Harbor
33%
1502 - The present-day location of which South American city is first explored ? Rio de Janiero
33%
2014 - Credit cards of at least 20 million people in which Asian country are hacked ? South Korea
33%
Today is "National Heroes Day" in which African island nation ? Cape Verde
0%
1973 - A car bomb explodes in Sackville Place, in which Irish city, killing 1 person and injuring 17 ? Dublin
0%
1930 – Buzz Aldrin, American colonel, pilot, and astronaut, is born in which state of the US ? New Jersey
0%
1992 – Air Inter Flight 148, an Airbus A320-111, crashes into a mountain near which European city, killing 87 of the 96 people on board ? Strasbourg, France
0%
1949 - J. Edgar Hoover gives Shirley Temple a fountain pen containing what ? Tear Gas
0%
No matching quizzes found
Score Distribution
Percent of People with Each Score
Percentile by Number Answered
Your Score History
You have not taken this quiz since the last reset